000 00436pab a2200169 454500
008 180718b2006 xxu||||| |||| 00| 0 eng d
100 _aDadhich, Ramesh
245 _aEmergence of Muslim communalism in India: the socio-economic matrix
260 _c2006
300 _ap.15-38.
362 _aJan-Mar
650 _aCommunalism - India
650 _aCommunalism
773 _aEastern Anthropologist
908 _aN
909 _a69959
999 _c69959
_d69959